000 00989nam a2200253 a 4500
001 67676
003 BD-RjUL
005 20211209081700.0
008 860711s1986 enka b 100 0 eng
020 _a0521328896
035 _a(BD-RjUL)67885
040 _aDLC
_cDLC
_dDLC
_dBD-RjUL
_beng
041 _aeng
082 0 0 _223
_a581.87
_bSEC 1986
245 1 0 _aSecondary metabolism in plant cell cultures /
_cedited by Phillip Morris ... [et al.].
260 _aCambridge ;
_aNew York :
_bCambridge University Press,
_c1986.
300 _aix, 262 p. :
_bill. ;
_c26 cm.
500 _aPapers presented at a meeting held in Sheffield, England, in the summer of 1985, sponsored by the U.K. branch of the International Association of Plant Cell and Tissue Culture.
504 _aIncludes bibliographies.
650 0 _aPlant cells and tissues
_9200644
700 1 _aMorris, Phillip.
_9200645
710 2 _aInternational Association of Plant Cell and Tissue Culture.
_9200646
942 _2ddc
_cBK
999 _c67676
_d67676